[Event "ARM-ch 66th"]
[Site "Yerevan"]
[Date "2006.03.17"]
[Round "2"]
[White "Pashikian, Arman"]
[Black "Minasian, Artashes"]
[Result "1/2-1/2"]
[WhiteElo "2472"]
[BlackElo "2574"]
[Annotator "Marin,M"]
[PlyCount "56"]
[EventDate "2006.03.16"]
[EventType "tourn"]
[EventRounds "9"]
[EventCountry "ARM"]
[EventCategory "11"]
[SourceTitle "CBM 112"]
[Source "ChessBase"]
[SourceDate "2006.06.07"]
[SourceVersion "1"]
[SourceVersionDate "2006.06.07"]
[SourceQuality "1"]

1. e4 g6 2. d4 Bg7 3. Nc3 d6 4. f4 Nf6 5. Nf3 O-O 6. Bd3 Na6 7. O-O c5 8. d5
Bg4 9. Bc4 {Once considered to be the introduction to the main line against
Black's setup, this move does not face Black with serious problems at the
present stage of theory.} Nc7 10. h3 Bxf3 11. Qxf3 a6 $6 {However, this
natural way of continuing with the Benoni queen side plan only weakens Black's
position.} ({Black should question White's domination in the centre with the
well-timed pawn break} 11... e6 12. dxe6 fxe6 13. Rd1 ({In case of} 13. Be3 {
Black can restrict the activity of this bishop with} b6 {, something he will
not be able to do in the line from our main game. For instance} 14. Rad1 Qe7
15. Rd2 Kh8 16. a4 Rad8 17. Rfd1 Nh5 18. g3 Bxc3 19. bxc3 Nf6 {1/2-1/2
Vasiesiu,D (2420)-Marin,M (2545)/Bucharest 1997/EXT 2001}) 13... Qe7 14. e5
dxe5 15. Qxb7 Rab8 $1 (15... Nh5 $6 16. Nb5 $1) (15... Nfd5) (15... Rfb8) 16.
Qxa7 Rb4 17. Nb5 (17. Bxe6+ Qxe6 18. Qxc7 exf4 19. Qxc5 (19. Bxf4 $4 Ne8 $19)
19... Rc4 $44) 17... Nfe8 18. Bf1 (18. Bxe6+ Qxe6 19. Nxc7 Nxc7 20. Qxc7 exf4
$44 21. Qxc5 Bd4+ $1) 18... exf4 19. c3 Re4 20. Qb7 Re5 21. Nxc7 Nxc7 22. Qf3 (
22. a4 $5 {Mastrovasilis,D}) 22... Nd5 23. a4 Ne3 24. Rd2 (24. Re1 $2 Nxg2 $1
25. Rxe5 Nh4 $17) 24... Nf5 25. Rf2 Nh4 26. Qd1 (26. Qd3 Qg5) 26... Rd5 $11 {
1-0 Mastrovasilis,D (2456)-Marin,M (2568)/Silivri 2003[Marin,M] (44)}) 12. a4
Rb8 ({Once again, the consolidation of the queen side with} 12... b6 {deserves
attention. You can find a Survey of it in the notes to 1/2-1/2 Paramos
Dominguez,R (2381)-Bogdanovski,V (2435)/Skopje 2002/CBM 088/[Gofshtein,L] (67)}
) (12... Nd7 {1-0 Golod,V (2593)-Bogdanovski,V (2463)/Ohrid 2001/CBM 084/
[Golod,V] (41)}) 13. a5 b5 (13... e6 14. dxe6 Nxe6 15. Ne2 Nd4 16. Nxd4 cxd4
17. e5 Ne8 18. f5 $1 $36 {Wahls,M-Strikovic,A/Zaragoza op 1996}) 14. axb6 Rxb6
15. Qd3 {White enjoys great stability in the centre now.} e6 {The combination
between queen side play and this pawn break is not too inspired.} ({Black gets
nowhere with} 15... Nb5 {because ofo} 16. Bd2 $14 {1-0 Matros,A (2400)
-Odesskij,I/Moscow 1994/CBM 041 (33)}) ({The same as after} 15... Qb8 16. Ra2
Nb5 17. Bd2 Ne8 18. Ne2 Nec7 19. c3 $14 {1-0 Berescu,A (2400)-Dzhumaev,M (2495)
/Kavala 2003/CBM 095 ext (39)}) ({The only way to question White's stability
on light squares consists of transferring the king's knight to the opposite
wing.} 15... Nd7 16. Ra2 Rb4 17. Nd1 {Too passive.} ({The critical line is} 17.
Bxa6 $5 Nxa6 18. Rxa6 Qb8 {[%cal Yb8b7,Yf7f5]}) 17... Nb6 18. c3 $6 (18. Ne3
Bd4 19. Bxa6 f5 $5 {[%csl Yd5]}) 18... Rxc4 19. b3 Rxe4 $1 20. Qxe4 Nbxd5 $15 {
1-0 Bellia,F (2390)-Todorcevic,M (2463)/Las Palmas 2005/CBM 109 ext (40)}) 16.
dxe6 $146 ({White was also better after} 16. Na4 Rb8 17. dxe6 fxe6 18. e5 dxe5
19. Qxd8 Rbxd8 20. Nxc5 Nfd5 21. fxe5 Rxf1+ 22. Kxf1 Bxe5 23. c3 $16 {[%csl
Ya6,Ye6] 1-0 Wahls,M (2435)-Norwood,D (2405)/Baguio City 1987/EXT 97 (41)})
16... fxe6 17. Be3 $6 (17. Na4 $1 Rb8 18. e5 {would transpose to the game
Wahls-Norwood}) 17... Qe7 ({I see no reason for Black to refrain from} 17...
Rxb2 {, which would opennew perspectives for the bishop along the long
diagonal.} 18. e5 {leads nowehere after} dxe5 19. Bxc5 Qxd3 20. cxd3 Rf7 $13)
18. Rad1 Nd7 {Now, Black has avoided the unpleasant consequences of the
central break e5 and has consolidated his centre. White's position might be
still preferable, but we cannot speak about a clear advantage any more. The
following forced operation will only lead to mass exchanges and a draw.} 19. e5
d5 20. Bxd5 exd5 21. Nxd5 Nxd5 22. Qxd5+ Rf7 23. f5 Bxe5 24. fxg6 hxg6 25. Rxf7
Qxf7 26. Qxf7+ Kxf7 27. Rxd7+ Ke6 28. Ra7 Rxb2 1/2-1/2

[Event "Poikovsky Karpov 07th"]
[Site "Poikovsky"]
[Date "2006.03.26"]
[Round "8"]
[White "Ponomariov, Ruslan"]
[Black "Zvjaginsev, Vadim"]
[Result "1/2-1/2"]
[WhiteElo "2723"]
[BlackElo "2664"]
[Annotator "Marin,M"]
[PlyCount "78"]
[EventDate "2006.03.18"]
[EventType "tourn"]
[EventRounds "9"]
[EventCountry "RUS"]
[EventCategory "18"]
[SourceTitle "CBM 112"]
[Source "ChessBase"]
[SourceDate "2006.06.07"]
[SourceVersion "1"]
[SourceVersionDate "2006.06.07"]
[SourceQuality "1"]

1. e4 d6 2. d4 Nf6 3. Nc3 g6 4. f4 Bg7 5. Nf3 O-O 6. Bd3 Na6 7. O-O c5 8. d5
Bg4 9. Kh1 Rb8 10. h3 Bxf3 11. Rxf3 Nc7 12. a4 a6 ({As always, the alternative
is the immediate} 12... e6) 13. a5 (13. Qe2 e6 14. Bc4 exd5 15. exd5 Re8 16.
Qf1 Qd7 17. f5 b5 $36 {0-1 Binder,G-Rotariu,G/GER jub50 corr 1996/Corr 2000 
(43)}) 13... e6 {But now, this looks already like the best chance for adequate
counterplay.} (13... Nb5 14. Nxb5 $1 (14. Bd2 Rc8 15. b3 Nd4 16. Rf2 e6 17. Qg1
exd5 18. exd5 Nb5 19. Na4 Nxd5 20. c4 Nd4 21. cxd5 Nxb3 22. Ra2 Nxd2 23. Rfxd2
Qxa5 24. Qb1 Qb4 25. Nb6 Rc7 26. Re2 Qxf4 27. Re4 Qg3 28. Rg4 Qe5 {1/2-1/2
Seirawan,Y (2595)-Speelman,J (2610)/Reykjavik 1990/CBM 018/[King]}) (14. Bxb5
$5 axb5 15. e5) 14... axb5 15. Bxb5 Nxe4 {In spite of having exchanged a
central pawn for a marginal, White retains the better chances because his pair
of bishops and his advantage of space in the centre and on the king side. True,
Black's position remains hard to break.} 16. Qe2 Nf6 (16... f5 17. Bd3 Nf6 18.
c4 Ra8 19. Bd2 Rf7 20. Bc2 Nh5 21. g4 fxg4 22. hxg4 Nf6 23. f5 $40 {1-0
Bachmann,B-Szewczyk,G/ICCF corr 2001/Corr 2004 (35)}) 17. c4 Kh8 18. Bd2 Ng8
19. Bc3 Bxc3 20. Rxc3 f5 21. Re3 Ra8 22. Qe1 Rf7 23. Rea3 Nf6 24. a6 $14 {
1/2-1/2 Mkrtchian,L (2374)-Socko,M (2439)/Mallorca 2004/CBM 102 ext (60)}) (
13... b5 14. axb6 Rxb6 15. Na4 Rb8 16. c4 e6 17. Bd2 Nd7 18. Qc2 exd5 19. exd5
$14 {We have a typical KI position, with virtually no counterplay for Black. 1/
2-1/2 Petrova,L-Schoeneberg,G/Baltic Sea tt6 corr9196 1991/Corr 2000 (24)}) (
13... Nd7 14. Na4 Kh8 $6 (14... e6 15. dxe6 fxe6 16. Bc4 b5 $1 17. axb6 Nxb6
18. Nxb6 Rxb6 19. Rd3 Qe7) 15. c4 e6 16. Bd2 exd5 17. exd5 $14 b5 $8 (17... f5
18. Rb1 $14 {[%cal Yb2b4]}) 18. axb6 Nxb6 19. Nc3 $14 {Again, Black's position
is pretty passive. 0-1 Thipsay,P (2492)-Lalic,B (2550)/Great Britain (ch) 1999
[Lalic,B] (45)}) 14. dxe6 $146 (14. f5 $5 exd5 15. exd5 Nd7 $6 (15... Ncxd5 16.
Nxd5 Nxd5 17. fxg6 hxg6 18. Bxg6 fxg6 19. Qxd5+ Kh7 20. Bg5 Qd7 21. Raf1 Qc6
22. Qc4 Rxf3 23. Rxf3 d5 24. Qh4+ Kg8 25. Bf6 Re8 $11) 16. Ne4 $1 $36 Ne5 17.
Rf1 Nxd5 18. fxg6 hxg6 19. Bxa6 $1 $14 {1-0 Seidel,M-Grott,P (1948)/DESC email
2001/Corr 2004 (24)}) 14... Nxe6 $5 {[%csl Ga5][%cal Ye6d4,Yd4c6] Black aims
for active piece play. Among others, he plans to transfer the knight to c6 in
order to attack the a5-pawn.} (14... fxe6) 15. Nd5 $5 (15. Bc4 {fails to
conolidate White's control on light squares because of the relative weakness
of the e4-pawn.} Nd4 16. Re3 (16. Rf2 Nxe4 17. Nxe4 d5) 16... Re8 $132 {
[%csl Gc1][%cal Yd4c6,Yg7h6]}) 15... Nd4 16. Rf1 Nh5 (16... Nxd5 17. exd5 {
[%cal Yf4f5] would leave Black with problems stoping White's king side attack
based on f5.} f5 {is not a reliable solution because of} 18. c3 Nb5 19. g4 {
when the knight is too far from the king side.}) 17. Kh2 Nc6 18. Qd2 {Not a
very natural way to develop.} (18. Bd2 $5 Bxb2 19. Rb1 $44 {[%csl Gb6,Gd5]
[%cal Yb1b7]}) 18... Re8 19. Ra4 Ne7 20. Nxe7+ ({With his incomplete
development, White cannot afford to avoid the exchange of knights with} 20. Nb6
Nc8 21. Nc4 {because of} d5 $132) 20... Rxe7 21. b3 Qc7 22. Be2 Rbe8 $5 {
Black has completed his development and has strong counterplay based on the
pressure against the e4-pawn. However, White's king side initiative has not
been prevented completely yet.} 23. Bxh5 gxh5 24. f5 $1 Be5+ (24... d5+ 25. Kh1
{[%cal Yf5f6]}) 25. Kh1 f6 26. Qh6 Bd4 27. Bd2 {This move simplifies Black's
task.} ({The critical line seems to be} 27. Rf3 $5 Rg7 (27... Rxe4 $2 28. Rg3+
Kh8 29. Rxd4) 28. c3 Rxe4 $5 29. cxd4 Re1+ 30. Kh2 Re2 31. Rg3 Rxg3 32. Kxg3
Qc6 33. d5 $1 {[%cal Ya4h4]} Qxd5 34. Qxf6 (34. Kh4 $5) 34... Qxb3+ 35. Kh2
Qxa4 36. Bh6 Rxg2+ $1 37. Kxg2 Qc2+ 38. Kg3 Qd3+ $11) 27... Rxe4 $132 {Because
of his strong centralisation, Black has little to fear.} 28. c3 Be3 29. Rxe4
Bxh6 30. Rxe8+ Kf7 31. Re2 Bxd2 32. Rxd2 Kg7 33. c4 Qxa5 34. Rxd6 b5 35. cxb5
axb5 36. Rc6 Qc3 37. Rf3 Qe1+ 38. Kh2 Qe5+ 39. Kh1 Qe1+ 1/2-1/2

[Event "EU-Cup 16th"]
[Site "Neum"]
[Date "2000.09.28"]
[Round "5.3"]
[White "Timman, Jan H"]
[Black "Marin, Mihail"]
[Result "1/2-1/2"]
[WhiteElo "2639"]
[BlackElo "2557"]
[Annotator "Marin,M"]
[PlyCount "53"]
[EventDate "2000.09.24"]
[EventType "team-swiss"]
[EventRounds "7"]
[EventCountry "BIH"]
[SourceTitle "CBM 080"]
[Source "ChessBase"]
[SourceDate "2001.01.25"]
[SourceVersion "1"]
[SourceVersionDate "2001.01.25"]
[SourceQuality "1"]
[WhiteTeam "Breda"]
[BlackTeam "Bucharest RAT"]
[WhiteTeamCountry "NED"]
[BlackTeamCountry "ROU"]

1. e4 d6 2. d4 Nf6 3. Nc3 g6 4. f4 Bg7 5. Nf3 O-O 6. Bd3 Na6 7. e5 Ng4 8. h3
Nh6 9. Bxa6 $1 $146 (9. g4) 9... bxa6 10. Be3 Bb7 11. Qe2 Nf5 (11... f6 {
Rogozenko} 12. e6 (12. O-O-O Nf5 13. Bf2 Bh6 14. g3 fxe5 15. dxe5 $14 {Timman})
12... Nf5 13. Bf2 Bh6 14. g3 $1 (14. g4 Ng7 $132)) 12. Bf2 f6 13. g4 $5 (13. e6
) (13. O-O-O) 13... Nxd4 $8 14. Bxd4 fxe5 15. Be3 exf4 16. Bf2 e5 (16... c5 17.
O-O-O Qa5 18. Be1) 17. O-O-O Qe7 18. Ne4 (18. Bh4 Bxf3 19. Bxe7 Bxe2 20. Bxf8
Bxd1 21. Bxg7 Bf3 22. Rf1 Bg2) 18... d5 19. Nc5 $6 (19. Bc5 $1 {Timman} Qe8 (
19... Qf7 20. Bxf8 dxe4 21. Bxg7 exf3 22. Qxe5 Re8 23. Qf6 Qxg7 24. Qxf4 $16)
20. Bxf8 Qxf8 21. Nc3 c6 (21... e4 22. Nxd5 exf3 23. Qxf3) 22. Nxe5 $1 Re8 23.
Nxg6 $14) 19... e4 20. Nxb7 Qb4 21. Bd4 Qxb7 22. Bxg7 Kxg7 23. Nd4 Rae8 24. Nb3
e3 (24... c6 {Rogozenko}) 25. Nd4 c5 26. Nf3 d4 27. c4 $6 (27. c4 Qe4) (27. Rd3
$13) 1/2-1/2

[Event "Excelsior Cup"]
[Site "Gothenburg"]
[Date "1999.01.14"]
[Round "8"]
[White "Hector, Jonny"]
[Black "Marin, Mihail"]
[Result "0-1"]
[WhiteElo "2542"]
[BlackElo "2527"]
[Annotator "Marin,M"]
[PlyCount "70"]
[EventDate "1999.01.07"]
[EventType "tourn"]
[EventRounds "9"]
[EventCountry "SWE"]
[EventCategory "10"]
[SourceTitle "CBM 069"]
[Source "ChessBase"]
[SourceDate "1999.04.01"]
[SourceVersion "1"]
[SourceVersionDate "1999.04.01"]
[SourceQuality "1"]

1. e4 d6 2. d4 Nf6 3. Nc3 g6 4. f4 Bg7 5. Nf3 O-O 6. Bd3 Na6 7. O-O c5 8. d5
Rb8 9. Qe2 Nc7 10. a4 a6 11. a5 b5 12. axb6 Rxb6 13. Ra2 (13. Na4) (13. Kh1 Bg4
) 13... e6 $1 14. dxe6 Bxe6 15. b3 Qc8 16. f5 (16. Bd2 Bg4) 16... gxf5 17. exf5
(17. Ng5 $5) 17... Bxf5 (17... Bd7) 18. Bxf5 (18. Nh4 Bg6 19. Nf5 Qe6 20. Qf3
d5) 18... Qxf5 19. Nh4 Qe5 20. Qxe5 dxe5 21. Ra5 Rc6 22. Na4 Ne6 23. Nf5 Re8
24. Bb2 (24. Bh6 $142 Bxh6 25. Nxh6+ Kg7 26. Nf5+ Kf8 27. Nh6 $11) 24... Nd7
25. Nc3 (25. Rd1 Nd4 26. Nxg7 Kxg7 27. c3 Nxb3) 25... Nd4 26. Rd1 $2 $138 (26.
Nd5 Nxf5 27. Rxf5 $44) 26... Nxf5 27. Rxd7 e4 $19 28. g4 (28. Na4 e3 29. Bxg7
Kxg7 30. Rd1 e2 31. Re1 Nd4 32. Nc3 (32. Rxc5 Rxc5 33. Nxc5 Nxc2 34. Kf2 Nxe1
35. Kxe1 a5 36. Nb7 Re5 $19) 32... Rg6 33. Kf2 Rf6+ 34. Kg1 Re5) (28. Rd5 Bd4+
29. Kh1 Ng3+ 30. hxg3 Rh6+) 28... Bd4+ 29. Kf1 (29. Kh1 Ne3) 29... Ne3+ 30. Ke2
Rh6 (30... Nxc2) 31. h4 (31. Nxe4 Bxb2 (31... Rxe4) 32. Kxe3 Rh3+ 33. Kf4 Bc1+
$19) 31... Rxh4 32. Rxd4 cxd4 33. Rg5+ Kh8 34. Nd1 (34. Nd5 Rh2+ 35. Ke1 Nxc2+
36. Kd1 e3 37. Nf4 e2+) 34... Rh2+ 35. Nf2 Rxf2+ 0-1

[Event "EU-ch 10th"]
[Site "Budva"]
[Date "2009.03.08"]
[Round "3"]
[White "Kotronias, Vasilios"]
[Black "Solomunovic, Igor"]
[Result "1-0"]
[WhiteElo "2603"]
[BlackElo "2416"]
[Annotator "Marin,M"]
[PlyCount "93"]
[EventDate "2009.03.06"]
[EventType "swiss"]
[EventRounds "11"]
[EventCountry "MNE"]
[SourceTitle "CBM 130"]
[Source "ChessBase"]
[SourceDate "2009.05.20"]
[SourceVersion "1"]
[SourceVersionDate "2009.05.20"]
[SourceQuality "1"]

1. e4 d6 2. d4 g6 3. Nc3 Nf6 4. f4 Bg7 5. Nf3 O-O 6. Bd3 Nh5 $5 {A very
original way to put the central dark squares under pressure. Before playing
his bishop to g4, Black opens the long dark diagonal and attacks the f4-pawn.
From a general point of view, this looks somewhat risky, because Black delays
his queenside development. In practice, the variation has proved to be
playable, although it offers White chances to retain a small, but persistent,
plus.} 7. O-O Bg4 8. Be3 ({The somewhat speculative} 8. Be2 {can be effective
only in the event of careless play by Black.} Nc6 (8... e5 9. fxe5 dxe5 10. Bg5
f6 11. Be3 $14 {Prie,E (2489)-Shoker,S (2399)/Cannes 2009 (1-0, 45)}) 9. d5 (9.
e5 dxe5 10. dxe5 f6 $132) 9... Nb8 10. Be3 c6 $132) 8... e5 9. dxe5 dxe5 10. f5
{This is the most logical reaction to the central break. White keeps the long
diagonal closed and prepares a slow, but consistent, kingside attack.} (10.
fxe5 {Sutovsky,E (2612)-Smirin,I (2652)/Tel Aviv 1999/CBM 071/ [Smirin] (0-1,
57)}) 10... Nc6 (10... Nf4 11. h3 Bxf3 12. Qxf3 Nc6 13. Nd5 (13. Rad1 {may be
simpler, when} Nd4 14. Qf2 c6 {transposes to the main game.}) 13... Nxd5 14.
exd5 Nd4 15. Qe4 a6 (15... gxf5 16. Rxf5 Nxf5 17. Qxf5 Qh4 18. Kh2 e4 19. g3
Qf6 20. Qxe4 Qg6 21. Qf3 f5 22. Rf1 $14) 16. c3 ({White should not help the
enemy knight get closer to the perfect blocking d6-square.} 16. Rad1 $5 Nb5 17.
Qg4 Nd6 18. Bg5 $14) 16... Nb5 17. Bxb5 axb5 18. Bc5 Re8 19. a3 {This had been
given as +/= by Smirin, but in the following game White could not maintain his
domination on the light squares.} Ra4 20. Bb4 c6 $132 {Berkvens,J (2297)
-Avrukh,B (2620)/Wijk aan Zee 2000/CBM 075 (0-1, 44)}) 11. h3 Bxf3 12. Qxf3 Nd4
{Accroding to Smirin, Black has good counterplay, but the present game casts
some doubt over his evaluation. White retains an enduring advantage in space.}
13. Qf2 c6 14. Rad1 Nf4 {Black's knights are very active, but they lack
stability. The only thing White has to avoid is "winning" a pawn with Bxf4,
when the activity of the g7-bishop would offer Black good compensation.} (14...
Qe7 15. Ne2 Nxe2+ 16. Bxe2 Nf4 17. Kh2 (17. Bc5) 17... Qf6 18. g3 Nxe2 19. Qxe2
Rfd8 20. g4 $14 {Maiorov,O (2449)-Yastrebov,A (2335)/ Krasnodar 2001/EXT 2002 
(1-0, 37)}) (14... Qb6 15. Na4 Qa5 16. b3 $14 {[%cal Gc2c3]}) 15. Kh2 Qc7 16.
g3 Nxd3 17. Rxd3 Rfe8 18. g4 {Kotronias believes in the long term character of
his advantage.} ({Otherwise, he might have considered} 18. f6 Bf8 19. Bxd4 exd4
20. Qxd4 $14 {when Black's counterplay on the dark squares is not easy to
carry out.}) 18... b5 19. h4 {[%cal Gh4h5,Ge3c1,Gd3h3] The start of a very
strong plan. Since Black's counterplay develops quite slowly, White increases
his pressure gradually.} Rad8 20. h5 Rd7 {Black does not seem to find the most
active continuations.} (20... Rd6 $5 21. Bc1 Red8 {would have put some
pressure on the d-file, maintaining the sixth rank defended at the same time.})
21. Bc1 b4 (21... Red8 $5) 22. Nd1 c5 (22... Red8 $5) 23. Rh3 {[%cal Gh5g6,
Gf2h4] Suddenly, there are some concrete threats.} Qc6 {Black resorts to
tactics in order to avoid immediate disaster.} (23... Red8 $2 24. hxg6 fxg6 25.
Qh4 $1 Bf8 26. fxg6 $18) 24. f6 $1 {The start of a well calculated tactical
operation.} Qxf6 $1 (24... Bf8 $2 25. hxg6 Qxe4 (25... hxg6 26. Qh4 $18) ({
The standard reaction would be} 25... fxg6 {, but the insufficient defence of
the seventh rank and the unfortunate position of the e8-rook lead to disaster
after} 26. f7+ $1 $18) 26. gxh7+ Kh8 27. Ne3 $16 {[%csl Gf5]}) 25. Qxf6 Bxf6
26. Rxf6 Ne2 27. Ne3 Nxc1 28. Nd5 {[%csl Rc1,Rd7,Re8,Rg8][%cal Gf6f1,Gd5f6]
Black has won a pawn, but ALL his pieces are vulnerable.} Red8 $6 (28... Kg7 {
would have been the lesser evil.} 29. Rf1 Nxa2 30. h6+ Kh8 {[%csl Gh7]} 31. Ra1
b3 32. Rxb3 Nb4 33. Nxb4 cxb4 34. Rxb4 $14 {White has the more active rooks,
better structure and safer king's position.}) 29. Rf1 Ne2 30. Nf6+ Kf8 31.
Nxd7+ Rxd7 32. hxg6 hxg6 33. Rh8+ Kg7 34. Rc8 $16 {Black has no compensation
for the lost exchange.} Nf4 35. Rxc5 Rd2+ 36. Kg3 Ne6 37. Rxe5 Rxc2 38. Rf2 Rc4
39. g5 Rc1 40. Rd2 Rg1+ 41. Kf2 Rg4 42. Rdd5 Rh4 43. Kg3 Rh1 44. Rd7 Kg8 45.
Rxa7 Rg1+ 46. Kf2 Rb1 47. b3 1-0